[Event "IECG Q3.2000.0.00072"]
[Site "IECG email"]
[Date "2000.05.12"]
[Round "?"]
[White "Hudson, Sergio"]
[Black "Poblete, Litos"]
[Result "0-1"]
[WhiteElo "1000"]
[BlackElo "1163"]
[PlyCount "30"]
[EventDate "2000.05.12"]
[EventType "tourn (corr)"]
[EventRounds "6"]
[SourceTitle "Corr 2008"]
[Source "ChessBase"]
[SourceDate "2008.06.24"]
[SourceVersion "1"]
[SourceVersionDate "2008.06.24"]
[SourceQuality "1"]

1. e4 c6 2. d4 d5 3. Nc3 dxe4 4. Nxe4 Bf5 5. Ng3 Bg6 6. h4 h6 7. Nf3 Nd7 8. h5 Bh7 9. Bd3 Bxd3 10. Qxd3 Qc7 11. Bd2 e6 12. 0-0-0 Ngf6 13. Ne4 Nxe4 14. Qxe4 Nf6 15. Qh4 Bd6 0-1